000 00667nam a2200253Ia 4500
003 OSt
005 20220926013035.0
006 a|||||r|||| 00| 0
007 ta
008 220923b |||||||| |||| 00| 0 eng d
020 _a0060440694
037 _cGeneral Book
040 _aRTL
_cRTL
_beng
041 _2eng
_aeng
082 _aB28, L5
100 _aLovejoy Elijah P
_9317758
245 0 _aStatistics for math haters
260 _aNew York
_bHarper and row
_c1975
300 _ax,275p.
_ccm.
500 _aAppendix p239-51
650 _aStatistics
_935791
942 _hB28, L5
_cGB
_2CC
999 _c625040
_d625040